LEADER 02983nam1 22004693i 450 001 MIL0172834 005 20231121125539.0 100 $a20151016g1927 ||||0itac50 ba 101 | $ager$alat 102 $ade 181 1$6z01$ai $bxxxe 182 1$6z01$an 200 1 $aSchellings Werke$fnach der Originalausgabe in neuer Anordnung herausgegeben von Manfred Schröter 210 $aMünchen$cBeck und Oldenburg$a[poi] Becksche Verlagsbuchhandlung 215 $av.$d23 cm. 463 1$1001MIL0172837$12001 $a˜Erster Erganzungsbd.: œZur Naturphilosophie$e1792-1803$f\Friedrich Schelling!$gherausgegeben von Manfred Schroter 463 1$1001MIL0172846$12001 $a˜Zweiter Erganzungsbd.: œZur Identitatsphilosophie$e1804$f\Friedrich Schelling!$gherausgegeben von Manfred Schroter 463 1$1001MIL0172893$12001 $a˜3. Erganzungsbd.: œZur Philosophie der Kunst$e1803-1817$fFriedrich Schelling$gherausgegeben von Manfred Schroter 463 1$1001MIL0172898$12001 $a˜Vierter Erganzungsbd.: œPersonliches, Nachlass$e1810-1850$f\Friedrich Schelling!$gvon Manfred Schroter 463 1$1001MIL0172914$12001 $a˜5. Ergänzungsband: œPhilosophie der Mythologie$e1842$f[F. W. J. Schelling]$gherausgegeben von Manfred Schröter 463 1$1001MIL0172922$12001 $a˜Sechster Erganzungsbd.: œPhilosophie der Offenbarung$eerstes und zweites Buch$e1858$f\Friedrich Schelling!$gherausgegeben von Manfred Schroter 700 1$aSchelling$b, Friedrich Wilhelm Joseph : von$3CFIV048583$4070$0151913 702 1$aSchröter$b, Manfred$3MILV108925 790 1$aSchelling$b, Friedrich W. J.$3CFIV236049$zSchelling, Friedrich Wilhelm Joseph : von 790 1$aSchelling$b, Friedrich Wilhelm Joseph$3CFIV236050$zSchelling, Friedrich Wilhelm Joseph : von 790 1$aSchelling$b, F. W. J.$3IEIV092108$zSchelling, Friedrich Wilhelm Joseph : von 790 1$aSchelling$b, Federico Guglielmo Giuseppe$3SBNV029369$zSchelling, Friedrich Wilhelm Joseph : von 790 1$aSchelling$b, J. W. F.$3SBNV029370$zSchelling, Friedrich Wilhelm Joseph : von 790 1$aSchelling$b, F. G. G.$3SBNV029371$zSchelling, Friedrich Wilhelm Joseph : von 790 1$aSchelling$b, Giuseppe$3SBNV029372$zSchelling, Friedrich Wilhelm Joseph : von 790 1$aSchelling$b, Federico Guillermo José$3SBNV029373$zSchelling, Friedrich Wilhelm Joseph : von 790 1$aSchelling$b, Federico$3SBNV029384$zSchelling, Friedrich Wilhelm Joseph : von 790 1$aSchelling$b, F.-W.$3SBNV029387$zSchelling, Friedrich Wilhelm Joseph : von 801 3$aIT$bIT-01$c20151016 850 $aIT-FR0017 899 $aBiblioteca umanistica Giorgio Aprea$bFR0017 912 $aMIL0172834 950 1$aBiblioteca umanistica Giorgio Aprea$d 52MAG 2/1003.8$d 52MAG 2/1003.10$d 52MAG 2/1003.12$d 52MAG 2/1003.7$d 52MAG 2/1003.9$d 52MAG 2/1003.11 967 $m6 977 $a 52 996 $aSchelling's Werke$9824002 997 $aUNICAS